000 00302nam a22001457a 4500
008 210429b ||||| |||| 00| 0 eng d
020 _a73335
041 _aeng
080 _a521
082 _a521
100 _a42
101 _aAST
245 _aPopular Science
_cPhilip Firedman
942 _2udc
_cBK
999 _c56943
_d56943